000 01486nam a22004217a 4500
001 000051289
003 CHAP
005 20220329140318.0
008 971013s1983 r 00010 d
010 _a50226
011 _a51198
035 _a55348
040 _cCHAP
090 _aFolleto 7742
100 0 0 _aPina García, Juan Pablo de.
_988121
245 1 0 _aAgricultura y educación agrícola :
_b: el caso de la Universidad Autónoma de Chapingo.
260 _aChapingo, Méx. :
_bUACH. Dirección de Difusión Cultural,
_c1983.
300 _a57 p.
490 1 _aUACH. Lecturas
_v; 8
590 _aBATCH-UPD
_b10
_c20130110
_lUCH01
_h0409
590 _aBATCH-UPD
_b10
_c20130110
_lUCH01
_h2059
590 _aBATCH-UPD
_b10
_c20130410
_lUCH01
_h0043
590 _aBATCH-UPD
_b10
_c20130410
_lUCH01
_h1547
590 _aBATCH-UPD
_b10
_c20130914
_lUCH01
_h0041
590 _aCONVERSION
_b10
_c20130109
_lUCH01
_h1327
590 _aE5995AHE
_b05
_c20150204
_lUCH01
_h1305
650 1 4 _aAgricultura
_zMéxico.
_91932
650 1 4 _aEducación agrícola
_zMéxico.
_935552
700 0 _aSánchez M., Alfredo.
_9107668
830 0 _aUACH. Lecturas
_v; 8
_9115944
901 _aBK
942 _cFOLL
942 _n0
949 _aFolleto 7742
_bBC
_cFOLL
_d-121497
_eTS1
_i55348
_mD
_si
949 _aFolleto 7742
_bBC
_cFOLL
_d-121498
_eTS2
_fc.2
_i55348
_mD
_si
949 _aFolleto 7742
_bBC
_cFOLL
_d-121499
_eTS2
_fc.3
_i55348
_mD
_si
949 _aFolleto 7742
_bBC
_cUACH
_d-121500
_eUACH
_fc.4
_i55348
_mD
_si
999 _c50226
_d50226